000
00275nam a2200109Ia 4500
008
220204s9999 xx 000 0 und d
082
_a
336.74
_b
EIN
100
_a
EINZIG, Paul
245
0
_a
Textbook on monetary policy
260
_a
Great Britain
_b
Macmillan
_c
1974
942
_c
BK
999
_c
23964
_d
23964